ÚLOHA SESTRY V PODPORE ZDRAVIA U PACIENTA PO PREKONANOM INFARKTE MYOKARDU

Bibliographic Details
Main Authors: Matišáková, Iveta, 1969- (Author), Gerlichová, Katarína (Author), Mišinová, Mariana (Author)
Format: Article
Language:Slovak
ISBN:9788080752187

MARC

LEADER 00000naa a2200000uu 4500
001 vtls010956650
003 SK-MaSNL
005 20260302130105.0
008 210910|2007 xo |||||||||||||||||slo|
015 |a SNBRA 
035 |a (urnnbn)urn:nbn:sk:snk:ar-a0bo89 
035 |a (uuid)f64211b0-93b4-4d3e-b6ed-ac01dea6dbcf 
035 |a urn:nbn:sk:snk-aaug32 
040 |a SNKBUCL  |b slo  |c SNKBUCL  |e AACR2 
041 0 |a slo 
044 |a xo  |c SK 
100 1 |a Matišáková, Iveta,  |d 1969-  |4 aut  |9 199151 
245 1 0 |a ÚLOHA SESTRY V PODPORE ZDRAVIA U PACIENTA PO PREKONANOM INFARKTE MYOKARDU  |c Iveta Matišáková, Katarína Gerlichová, Mariana Mišinová 
246 3 |a THE ROLE OF THE NURSE IN HEALTH-SUPPORT OF PATIENTS AFTER INFARKT MYOKARDU 
700 1 |a Gerlichová, Katarína  |4 aut  |9 66055 
700 1 |a Mišinová, Mariana  |4 aut  |9 66056 
773 0 |t "Vznik a vývoj neinfekčných epidemických ochorení v 21. storočí"  |d V Trenčíne : Trenčianska univerzita Alexandra Dubčeka, 2007  |g S. 172-181  |z 9788080752187 
958 |a OND 
958 |a article11 
958 |a chapter 
999 |c 1297313  |d 1299243